[Event "TCh-HUN 2017-18"]
[Site "Hungary HUN"]
[Date "2017.12.17"]
[Round "4.3"]
[White "Kovacevic, Aleksandar"]
[Black "Nestorovic, Nikola"]
[Result "1/2-1/2"]
[WhiteTitle "GM"]
[BlackTitle "GM"]
[WhiteElo "2493"]
[BlackElo "2516"]
[WhiteTeam "Duocor-Makoi SVSE"]
[BlackTeam "Aquarena Kobanya SC"]
[WhiteFideId "903124"]
[BlackFideId "934526"]
[EventDate "2017.11.25"]
[EventType "team-tourn"]

1. e4 e5 2. Nf3 Nc6 3. Bb5 a6 4. Ba4 Nf6 5. O-O Be7 6. d3 b5 7. Bb3 d6 8. a4 Bd7
9. c3 O-O 10. Nbd2 Na5 11. Bc2 c5 12. Re1 h6 13. Nf1 Re8 14. Ne3 c4 15. axb5
axb5 16. dxc4 bxc4 17. h3 Bf8 18. Nh2 Be6 19. Nhg4 Nxg4 20. hxg4 Qb6 21. Nd5 Qb7
22. Ra4 Bxd5 23. exd5 Be7 24. Rb4 Qc7 25. Qf3 Reb8 26. Qe4 g6 27. Bxh6 Rxb4 28.
cxb4 Nb3 29. Bxb3 cxb3 30. Rc1 Qb7 31. Rc3 Ra1+ 32. Rc1 Ra2 33. Be3 Rxb2 34. Qc4
Kg7 35. b5 Bd8 36. Qc3 Re2 37. Qd3 Rb2 38. Qc3 Re2 39. Qd3 Rb2 40. Qc3 Re2 41.
Qxb3 Bb6 42. Bxb6 Qxb6 43. Qf3 Rb2 44. g5 Qd8 45. Qg4 Qh8 46. Qf3 Qd8 47. Qg4
Qh8 48. Ra1 Rxb5 49. Qf3 Qb8 50. Qf6+ Kg8 51. Ra3 Rb3 52. Ra6 Rb6 53. Ra3 Rb3
54. Ra6 Rb6 55. Ra3 1/2-1/2

[Event "TCh-HUN 2017-18"]
[Site "Hungary HUN"]
[Date "2017.12.17"]
[Round "4.4"]
[White "Roganovic, Milos"]
[Black "Sipos, Istvan"]
[Result "1/2-1/2"]
[WhiteTitle "GM"]
[BlackTitle "IM"]
[WhiteElo "2512"]
[BlackElo "2468"]
[WhiteTeam "Aquarena Kobanya SC"]
[BlackTeam "Duocor-Makoi SVSE"]
[WhiteFideId "937614"]
[BlackFideId "720631"]
[EventDate "2017.11.25"]
[EventType "team-tourn"]

1. e4 e5 2. Nf3 Nc6 3. Bc4 Nf6 4. d3 Be7 5. O-O O-O 6. Re1 d6 7. a3 Kh8 8. b4
Bg4 9. h3 Bh5 10. Bb2 Nd7 11. Nbd2 Nb6 12. Bb3 a5 13. g4 Bg6 14. b5 Nb8 15. a4
N8d7 16. Nf1 Nc5 17. Ne3 Nxb3 18. cxb3 1/2-1/2

[Event "TCh-HUN 2017-18"]
[Site "Hungary HUN"]
[Date "2017.12.17"]
[Round "4.5"]
[White "Csonka, Balazs"]
[Black "Nagy, Gabor1"]
[Result "1/2-1/2"]
[WhiteTitle "FM"]
[BlackTitle "IM"]
[WhiteElo "2451"]
[BlackElo "2472"]
[WhiteTeam "Duocor-Makoi SVSE"]
[BlackTeam "Aquarena Kobanya SC"]
[WhiteFideId "742910"]
[BlackFideId "737119"]
[EventDate "2017.11.25"]
[EventType "team-tourn"]

1. Nf3 Nf6 2. g3 g6 3. b3 Bg7 4. Bb2 b6 5. Bg2 Bb7 6. O-O c5 7. c4 O-O 8. d4
cxd4 9. Qxd4 d6 10. Rd1 Nbd7 11. Nc3 Ne4 12. Qe3 Nxc3 13. Bxc3 Bxc3 14. Qxc3 Rc8
15. Qe3 Nf6 1/2-1/2

[Event "TCh-HUN 2017-18"]
[Site "Hungary HUN"]
[Date "2017.12.17"]
[Round "4.6"]
[White "Izsak, Gyula"]
[Black "Farkas, Tibor"]
[Result "1/2-1/2"]
[WhiteTitle "IM"]
[BlackTitle "IM"]
[WhiteElo "2437"]
[BlackElo "2315"]
[WhiteTeam "Aquarena Kobanya SC"]
[BlackTeam "Duocor-Makoi SVSE"]
[WhiteFideId "702234"]
[BlackFideId "933333"]
[EventDate "2017.11.25"]
[EventType "team-tourn"]

1. d4 Nf6 2. Nf3 g6 3. c4 Bg7 4. g3 c6 5. Bg2 d5 6. Nbd2 O-O 7. O-O Bf5 8. b3
Ne4 9. Bb2 Nd7 10. Nxe4 Bxe4 11. Qd2 e6 12. Rfd1 a5 13. Ne1 Bxg2 14. Kxg2 a4 15.
e3 axb3 16. axb3 Qb6 17. Qc2 Rfc8 18. Nd3 Qd8 19. Bc3 Rxa1 20. Rxa1 Ra8 21. Qb2
Bf8 22. Ra2 Rxa2 23. Qxa2 Qb6 24. Qc2 Qa6 25. Bb4 Bxb4 26. Nxb4 Qa5 27. Nd3 Qa6
28. Qc3 Qa3 29. cxd5 exd5 30. Qb4 Qxb4 31. Nxb4 Kf8 32. Nd3 1/2-1/2

[Event "TCh-HUN 2017-18"]
[Site "Hungary HUN"]
[Date "2017.12.17"]
[Round "4.7"]
[White "Tatar Kis, Szabolcs"]
[Black "Szabo, Bence"]
[Result "1/2-1/2"]
[WhiteTitle "IM"]
[BlackTitle "IM"]
[WhiteElo "2378"]
[BlackElo "2369"]
[WhiteTeam "Duocor-Makoi SVSE"]
[BlackTeam "Aquarena Kobanya SC"]
[WhiteFideId "702595"]
[BlackFideId "733776"]
[EventDate "2017.11.25"]
[EventType "team-tourn"]

1. Nf3 Nf6 2. c4 c5 3. Nc3 Nc6 4. g3 d5 5. cxd5 Nxd5 6. Bg2 Nc7 7. a3 e5 8. b4
f6 9. bxc5 Bxc5 10. Qc2 Be7 11. Rb1 O-O 12. O-O Ne6 13. e3 f5 14. d3 Kh8 15. Rd1
Bf6 16. a4 Rf7 17. Qa2 g6 18. h4 Qg8 19. Nd5 Bg7 20. Ba3 Rd7 21. Rd2 1/2-1/2

[Event "TCh-HUN 2017-18"]
[Site "Hungary HUN"]
[Date "2017.12.17"]
[Round "4.8"]
[White "Toth, Ervin"]
[Black "Hajnal, Zoltan"]
[Result "1/2-1/2"]
[WhiteTitle "IM"]
[BlackTitle "IM"]
[WhiteElo "2449"]
[BlackElo "2370"]
[WhiteTeam "Aquarena Kobanya SC"]
[BlackTeam "Duocor-Makoi SVSE"]
[WhiteFideId "726559"]
[BlackFideId "717754"]
[EventDate "2017.11.25"]
[EventType "team-tourn"]

1. d4 d5 2. c4 c6 3. Nc3 Nf6 4. e3 Bf5 5. Nf3 e6 6. h3 h6 7. g4 Bh7 8. Bd3 Bxd3
9. Qxd3 Bb4 10. Bd2 Nbd7 11. Ne2 Qa5 12. Ng3 dxc4 13. Qxc4 Bxd2+ 14. Nxd2 Nb6
15. Qc3 Qb5 16. Qb3 Qa5 17. O-O-O O-O-O 18. Kb1 Kb8 19. Qc2 Qd5 20. Nb3 Qf3 21.
e4 g6 22. Rd3 Qf4 23. Qe2 Qc7 24. Rc1 Qe7 25. f4 Rc8 26. Qd2 Rhd8 27. Qa5 Qc7
28. Qd2 Ne8 29. e5 Rd5 30. Ne4 Qe7 31. g5 hxg5 32. fxg5 Ng7 33. Nf6 Nf5 34. Nxd5
Nxd5 35. Nc5 b6 36. Ne4 Kb7 37. a3 Rd8 38. Qc2 Qc7 39. Qa4 b5 40. Nc5+ Ka8 41.
Qd1 Nde3 42. Qf3 Nc4 43. b3 Nxa3+ 44. Kb2 b4 45. Na6 Qb7 46. Nxb4 Nxd4 47. Rxd4
Rxd4 48. Rxc6 Nc4+ 49. Kc1 Nb6 50. Nc2 Rd8 51. Qc3 Kb8 52. Rc5 Qe4 53. Nb4 Qf4+
54. Kb2 Qd2+ 55. Qxd2 Rxd2+ 56. Ka3 Kb7 57. Rc3 Nd5 1/2-1/2

[Event "TCh-HUN 2017-18"]
[Site "Hungary HUN"]
[Date "2017.12.17"]
[Round "4.9"]
[White "Horvath, Zsolt"]
[Black "Konnyu, Janos"]
[Result "1-0"]
[WhiteTitle "FM"]
[BlackTitle "IM"]
[WhiteElo "2381"]
[BlackElo "2366"]
[WhiteTeam "Duocor-Makoi SVSE"]
[BlackTeam "Aquarena Kobanya SC"]
[WhiteFideId "723070"]
[BlackFideId "721280"]
[EventDate "2017.11.25"]
[EventType "team-tourn"]

1. e4 c6 2. d4 d5 3. e5 Bf5 4. Nc3 e6 5. g4 Bg6 6. Nge2 Be7 7. Be3 Nd7 8. Qd2 b5
9. Bg2 b4 10. Nd1 f6 11. f4 fxe5 12. fxe5 Nh6 13. Nf2 Bh4 14. h3 O-O 15. O-O Qe7
16. Nf4 Bf7 17. N2d3 Rab8 18. Rac1 g5 19. Ne2 Bg6 20. Rxf8+ Nxf8 21. Nc5 Nf7 22.
c4 h5 23. cxd5 exd5 24. Rf1 hxg4 25. hxg4 Rb5 26. Rf6 Rxc5 27. dxc5 Nxe5 28.
Bxg5 Bxg5 29. Qxg5 Kg7 30. Ng3 Qxc5+ 31. Kh1 Nf7 32. Nf5+ Kg8 33. Nh6+ Nxh6 34.
Rxg6+ Nxg6 35. Qxg6+ Kf8 36. Qxh6+ Kf7 37. Qf4+ Kg7 38. Qe5+ Kg6 39. Be4+ Kf7
40. Bf5 Qc1+ 41. Kg2 Qd2+ 42. Kg3 d4 43. Be6+ Ke7 44. Bd5+ Kf8 45. Qf6+ 1-0

[Event "TCh-HUN 2017-18"]
[Site "Hungary HUN"]
[Date "2017.12.17"]
[Round "4.10"]
[White "Krizsany, Laszlo"]
[Black "Szalai, Kornel"]
[Result "1/2-1/2"]
[WhiteTitle "IM"]
[BlackTitle "IM"]
[WhiteElo "2424"]
[BlackElo "2397"]
[WhiteTeam "Aquarena Kobanya SC"]
[BlackTeam "Duocor-Makoi SVSE"]
[WhiteFideId "701718"]
[BlackFideId "724378"]
[EventDate "2017.11.25"]
[EventType "team-tourn"]

1. d4 Nf6 2. c4 d6 3. Nc3 e5 4. Nf3 Nc6 5. d5 Ne7 6. e4 g6 7. Be2 Bg7 8. O-O O-O
9. Ne1 Nd7 10. Nd3 f5 11. f3 f4 12. Bd2 g5 13. b4 Nf6 14. c5 Rf7 15. Rc1 Bf8 16.
Nf2 Kh8 17. Qc2 a6 18. Na4 Neg8 19. g4 h5 20. h3 Rh7 21. Kg2 Bd7 22. Nb2 1/2-1/2

[Event "TCh-HUN 2017-18"]
[Site "Hungary HUN"]
[Date "2017.12.17"]
[Round "4.11"]
[White "Kecskemeti, Arpad"]
[Black "Polyik, Peter"]
[Result "1/2-1/2"]
[WhiteElo "2216"]
[BlackElo "2264"]
[WhiteTeam "Duocor-Makoi SVSE"]
[BlackTeam "Aquarena Kobanya SC"]
[WhiteFideId "925322"]
[BlackFideId "758817"]
[EventDate "2017.11.25"]
[EventType "team-tourn"]

1. e4 c5 2. Nf3 e6 3. d4 cxd4 4. Nxd4 Nc6 5. Nc3 Qc7 6. Be3 a6 7. Qd2 Nf6 8. f4
Bb4 9. Bd3 Na5 10. a3 Bxc3 11. Qxc3 Qxc3+ 12. bxc3 d5 13. e5 Ne4 14. Nb3 Nc4 15.
Bxc4 dxc4 16. Na5 Bd7 17. Bd4 Rc8 18. Nxb7 Bc6 19. Na5 Bd5 20. Rb1 Kd7 21. Ke2
f5 22. Rb6 g5 23. fxg5 Rhg8 24. Rg1 Rxg5 25. Rxa6 Rgg8 26. Rb6 Rb8 27. Rb4 f4
28. Ke1 h5 29. Rf1 Rxb4 30. axb4 Rxg2 31. Rxf4 Rxh2 32. b5 Rh1+ 33. Rf1 Rxf1+
34. Kxf1 h4 35. b6 h3 36. Kg1 Ng5 37. Kh2 Kc8 38. b7+ Bxb7 39. Nxc4 Bg2 40. Nd2
Kc7 41. Kg3 Kc6 42. c4 Nf7 43. c3 Ng5 44. Bg1 Ne4+ 1/2-1/2

[Event "TCh-HUN 2017-18"]
[Site "Hungary HUN"]
[Date "2017.12.17"]
[Round "4.12"]
[White "Havanecz, Bianka"]
[Black "Juhasz, Barbara"]
[Result "1/2-1/2"]
[WhiteTitle "WIM"]
[BlackTitle "WFM"]
[WhiteElo "2199"]
[BlackElo "2190"]
[WhiteTeam "Aquarena Kobanya SC"]
[BlackTeam "Duocor-Makoi SVSE"]
[WhiteFideId "704814"]
[BlackFideId "743585"]
[EventDate "2017.11.25"]
[EventType "team-tourn"]

1. Nf3 g6 2. g3 Bg7 3. d4 c5 4. c3 Qa5 5. d5 d6 6. Bg2 b5 7. O-O Nf6 8. Re1 O-O
9. e4 Bb7 10. Nbd2 c4 11. a4 a6 12. Ra3 Qb6 13. b4 cxb3 14. Qxb3 Nbd7 15. axb5
axb5 16. Nd4 Ng4 17. Rxa8 Rxa8 18. N2f3 Nde5 19. Qb1 Ba6 20. h3 Nxf3+ 21. Bxf3
Ne5 22. Be2 Rc8 23. Bd2 Nc4 24. Bxc4 Rxc4 25. Ne2 Bc8 26. Kg2 1/2-1/2

[Event "TCh-HUN 2017-18"]
[Site "Hungary HUN"]
[Date "2017.12.17"]
[Round "4.1"]
[White "Gledura, Benjamin"]
[Black "Balogh, Csaba"]
[Result "1/2-1/2"]
[WhiteTitle "GM"]
[WhiteElo "2605"]
[BlackElo "1394"]
[WhiteTeam "HUSI SC"]
[BlackTeam "Aquaprofit-NTSK I"]
[WhiteFideId "712779"]
[BlackFideId "790877"]
[EventDate "2017.11.25"]
[EventType "team-tourn"]

1. e4 e5 2. Nf3 Nc6 3. Nc3 Nf6 4. d4 exd4 5. Nxd4 Bb4 6. Nxc6 bxc6 7. Bd3 d5 8.
exd5 O-O 9. O-O cxd5 10. h3 c6 11. Qf3 Bd6 12. Bf4 Re8 13. Rfe1 Be6 14. Ne2 Bxf4
15. Nxf4 Bd7 16. c3 Qb6 17. b4 a5 18. a3 d4 19. cxd4 axb4 20. axb4 Rxa1 21. Rxa1
Qxd4 22. Rb1 Rb8 23. Rd1 1/2-1/2

[Event "TCh-HUN 2017-18"]
[Site "Hungary HUN"]
[Date "2017.12.17"]
[Round "4.2"]
[White "Ivanisevic, Ivan"]
[Black "Havasi, Gergo"]
[Result "1-0"]
[WhiteTitle "GM"]
[BlackTitle "IM"]
[WhiteElo "2582"]
[BlackElo "2377"]
[WhiteTeam "Aquaprofit-NTSK I"]
[BlackTeam "HUSI SC"]
[WhiteFideId "912417"]
[BlackFideId "760293"]
[EventDate "2017.11.25"]
[EventType "team-tourn"]

1. c4 e5 2. Nc3 Nf6 3. e3 Bb4 4. Nge2 O-O 5. Ng3 Bxc3 6. bxc3 d6 7. Be2 Nc6 8.
O-O Ne7 9. f4 exf4 10. Rxf4 Ng6 11. Rf2 c6 12. a4 Re8 13. Ba3 Ne5 14. h3 Be6 15.
Qf1 d5 16. cxd5 cxd5 17. Rf4 Ng6 18. Rd4 Qc7 19. Qf2 Nd7 20. Rf1 Nde5 21. Nf5
Rad8 22. Qg3 Qb8 23. Bb5 Nc6 24. Rg4 a6 25. Qxb8 Rxb8 26. Be2 b5 27. axb5 axb5
28. Bd6 Rb7 29. Bc5 Ra8 30. Rg3 b4 31. cxb4 Nxb4 32. Nd4 Rc8 33. Nxe6 fxe6 34.
d4 Rbb8 35. Bg4 Rc6 36. e4 Na6 37. exd5 exd5 38. Bd7 Rxc5 39. Be6+ Kh8 40. dxc5
Nxc5 41. Bxd5 Nd7 42. Re3 Nf6 43. Bf7 Nf8 44. Re7 h6 45. Rc1 N8h7 46. Rcc7 Ng5
47. Bc4 Ne8 48. Ra7 Nd6 49. Bd3 Rg8 50. h4 Nh7 51. Re6 Ne8 1-0

[Event "TCh-HUN 2017-18"]
[Site "Hungary HUN"]
[Date "2017.12.17"]
[Round "4.3"]
[White "Borocz, Istvan1"]
[Black "Lenic, Luka"]
[Result "0-1"]
[WhiteTitle "IM"]
[BlackTitle "GM"]
[WhiteElo "2362"]
[BlackElo "2650"]
[WhiteTeam "HUSI SC"]
[BlackTeam "Aquaprofit-NTSK I"]
[WhiteFideId "703036"]
[BlackFideId "14603853"]
[EventDate "2017.11.25"]
[EventType "team-tourn"]

1. Nf3 c5 2. g3 g6 3. Bg2 Bg7 4. O-O Nc6 5. c4 e5 6. Nc3 d6 7. a3 a5 8. d3 Nge7
9. Bg5 f6 10. Bd2 Be6 11. Ne1 O-O 12. Nc2 d5 13. cxd5 Nxd5 14. Ne3 Nde7 15. Ne4
b6 16. Nc4 h6 17. Nc3 f5 18. Qa4 Rc8 19. Nb5 Rb8 20. Rfc1 Kh7 21. Rab1 Nd5 22.
Qd1 Qd7 23. Nc3 Nde7 24. Nb5 Rfd8 25. Qe1 Nd5 26. Ne3 Nxe3 27. Bxe3 a4 28. Nc3
Na5 29. f4 Nb3 30. Rd1 b5 31. Qf2 b4 32. axb4 cxb4 33. Na2 Nd4 34. Bxd4 exd4 35.
Nc1 Rdc8 36. Qe1 b3 37. Kh1 Rc2 38. Bf3 Qa7 39. h4 h5 40. Kh2 a3 41. Rd2 a2 42.
Ra1 Qa5 43. Nxb3 Bxb3 44. Rxc2 Qxe1 0-1

[Event "TCh-HUN 2017-18"]
[Site "Hungary HUN"]
[Date "2017.12.17"]
[Round "4.4"]
[White "Markus, Robert"]
[Black "Dory, Jeno"]
[Result "1-0"]
[WhiteTitle "GM"]
[BlackTitle "IM"]
[WhiteElo "2630"]
[BlackElo "2228"]
[WhiteTeam "Aquaprofit-NTSK I"]
[BlackTeam "HUSI SC"]
[WhiteFideId "921637"]
[BlackFideId "700860"]
[EventDate "2017.11.25"]
[EventType "team-tourn"]

1. d4 Nf6 2. c4 e6 3. Nf3 b6 4. g3 Bb7 5. Bg2 Bb4+ 6. Bd2 Be7 7. O-O d5 8. cxd5
exd5 9. Nc3 O-O 10. Rc1 Na6 11. Qc2 c5 12. Rfd1 Nc7 13. dxc5 Bxc5 14. Bf4 Ne6
15. Be5 Ng4 16. e3 Nxe3 17. fxe3 Bxe3+ 18. Kh1 Bxc1 19. Qxc1 Rc8 20. Nd4 Nxd4
21. Bxd4 Re8 22. Qf4 Rc7 23. h4 Rce7 24. Kh2 Re6 25. Rd2 Bc6 26. Bh3 Re1 27. Bf5
Qe7 28. Qg4 g6 29. Rf2 h5 30. Qf4 gxf5 31. Qh6 f6 32. Rxf5 Qg7 33. Rg5 R8e7 34.
Rxg7+ Rxg7 35. Qxf6 1-0

[Event "TCh-HUN 2017-18"]
[Site "Hungary HUN"]
[Date "2017.12.17"]
[Round "4.5"]
[White "Nagy, Mihaly"]
[Black "Banusz, Tamas"]
[Result "0-1"]
[BlackTitle "GM"]
[WhiteElo "1440"]
[BlackElo "2616"]
[WhiteTeam "HUSI SC"]
[BlackTeam "Aquaprofit-NTSK I"]
[WhiteFideId "779091"]
[BlackFideId "722413"]
[EventDate "2017.11.25"]
[EventType "team-tourn"]

1. e4 e5 2. Nf3 Nc6 3. Nc3 Bb4 4. d4 exd4 5. Nxd4 Nge7 6. Bg5 O-O 7. Bc4 h6 8.
Bh4 Nxd4 9. Qxd4 Nc6 10. Bxd8 Nxd4 11. O-O-O Rxd8 12. Rxd4 Bxc3 13. bxc3 Re8 14.
Re1 d6 15. Bd5 Rb8 16. Kd2 Kf8 17. Re3 Bd7 18. a3 Re7 19. Rf3 b6 20. Re3 Rbe8
21. Rf3 g5 22. h4 Kg7 23. Rg3 g4 24. Re3 Re5 25. f4 gxf3 26. Rxf3 R8e7 27. Rg3+
Kf8 28. Rf3 Kg7 29. Rg3+ Kh7 30. Rf3 c5 31. Rdd3 f5 32. Rg3 fxe4 33. Bg8+ Kh8
34. Rxd6 e3+ 35. Ke2 Rh5 36. Bd5 Rxh4 37. c4 Bg4+ 38. Bf3 Bxf3+ 39. Rxf3 Rxc4
40. Rxh6+ Kg7 41. Rhh3 Rxc2+ 42. Ke1 Rxg2 43. Rxe3 Rxe3+ 44. Rxe3 Kf6 0-1

[Event "TCh-HUN 2017-18"]
[Site "Hungary HUN"]
[Date "2017.12.17"]
[Round "4.6"]
[White "Medvegy, Zoltan"]
[Black "Fendrik, Lajos"]
[Result "1-0"]
[WhiteTitle "GM"]
[WhiteElo "2539"]
[BlackElo "2202"]
[WhiteTeam "Aquaprofit-NTSK I"]
[BlackTeam "HUSI SC"]
[WhiteFideId "708402"]
[BlackFideId "735701"]
[EventDate "2017.11.25"]
[EventType "team-tourn"]

1. c4 e6 2. g3 d5 3. Bg2 Nf6 4. Nf3 dxc4 5. Qa4+ Bd7 6. Qxc4 c5 7. Ne5 Qc8 8. b3
Nc6 9. Nxd7 Qxd7 10. Bb2 Be7 11. d3 O-O 12. Nd2 Rac8 13. Nf3 Nd4 14. Nxd4 cxd4
15. Qxd4 Qb5 16. O-O Rc2 17. Bf3 Rd8 18. Qe5 Qa6 19. Bd4 Ne8 20. Qf4 h6 21. h4
Nd6 22. a4 Nf5 23. Be3 g5 24. Qe4 Qd6 25. Kg2 gxh4 26. Bf4 Qb6 27. a5 Qxb3 28.
Rfb1 Rb2 29. Rxb2 Qxb2 30. Be5 Qb4 31. Qxb4 Bxb4 32. Ra4 Bd2 33. gxh4 b5 34.
axb6 axb6 35. Bc7 Rd4 36. Ra8+ Kh7 37. Be4 Rd7 38. Be5 h5 39. Rb8 Ba5 40. Kf3
Ra7 41. Kf4 Bd2+ 42. e3 Be1 43. Bxf5+ exf5 44. Kg5 1-0

[Event "TCh-HUN 2017-18"]
[Site "Hungary HUN"]
[Date "2017.12.17"]
[Round "4.7"]
[White "Erdelyi, Zombor"]
[Black "Ribli, Zoltan"]
[Result "0-1"]
[BlackTitle "GM"]
[WhiteElo "2304"]
[BlackElo "2526"]
[WhiteTeam "HUSI SC"]
[BlackTeam "Aquaprofit-NTSK I"]
[WhiteFideId "720410"]
[BlackFideId "700010"]
[EventDate "2017.11.25"]
[EventType "team-tourn"]

1. e4 c5 2. Nf3 e6 3. d4 cxd4 4. Nxd4 Nc6 5. Nc3 Qc7 6. Be2 a6 7. O-O Nf6 8. Be3
Bb4 9. Na4 O-O 10. c4 Be7 11. c5 Nxe4 12. Rc1 Rd8 13. Qc2 Nf6 14. Nb6 Rb8 15. g3
g6 16. f4 d6 17. Nxc6 bxc6 18. cxd6 Rxd6 19. Nxc8 Rxc8 20. Bxa6 Ra8 21. Bc4 Ng4
22. Bc5 Rdd8 23. Be2 Bxc5+ 24. Qxc5 Ra5 25. Qxc6 Qa7+ 26. Kh1 Ne3 27. Rfe1 Rxa2
28. Bf3 Nf5 29. Qc3 Qb8 30. Red1 Rxd1+ 31. Rxd1 Rxb2 32. Be4 Ne7 33. Rd7 Nd5 34.
Bxd5 exd5 35. Rxd5 Qb7 36. Qf3 Qc7 37. Qd1 Ra2 38. Rd2 Qb7+ 39. Kg1 Qa7+ 40. Kg2
Qd4 0-1

[Event "TCh-HUN 2017-18"]
[Site "Hungary HUN"]
[Date "2017.12.17"]
[Round "4.8"]
[White "Kantor, Gergely"]
[Black "Biro, David"]
[Result "1-0"]
[WhiteTitle "IM"]
[WhiteElo "2514"]
[BlackElo "2222"]
[WhiteTeam "Aquaprofit-NTSK I"]
[BlackTeam "HUSI SC"]
[WhiteFideId "751499"]
[BlackFideId "717355"]
[EventDate "2017.11.25"]
[EventType "team-tourn"]

1. d4 g6 2. c4 Bg7 3. e4 d6 4. Nc3 Na6 5. Be3 c5 6. Nge2 Be6 7. d5 Bd7 8. Nf4
Nf6 9. Be2 Qa5 10. O-O O-O 11. a3 Rfb8 12. Nd3 Qd8 13. b4 Ng4 14. Bxg4 Bxg4 15.
Qxg4 Bxc3 16. Rab1 b6 17. Rfc1 Bg7 18. f4 f5 19. Qf3 fxe4 20. Qxe4 Nc7 21. f5
gxf5 22. Qxf5 Qc8 23. Qg5 e5 24. Nf2 Kh8 25. Ne4 Qd7 26. Rf1 Rf8 27. bxc5 bxc5
28. Rxf8+ Rxf8 29. Rb7 Qa4 30. h4 h6 31. Qg6 Qd1+ 32. Kh2 Qe1 33. Bf2 Rxf2 34.
Rxc7 1-0

[Event "TCh-HUN 2017-18"]
[Site "Hungary HUN"]
[Date "2017.12.17"]
[Round "4.9"]
[White "Smaraglay, Botond"]
[Black "Aczel, Gergely"]
[Result "0-1"]
[BlackTitle "IM"]
[WhiteElo "2002"]
[BlackElo "2573"]
[WhiteTeam "HUSI SC"]
[BlackTeam "Aquaprofit-NTSK I"]
[WhiteFideId "717339"]
[BlackFideId "727709"]
[EventDate "2017.11.25"]
[EventType "team-tourn"]

1. c4 e6 2. Nc3 b6 3. d4 Bb4 4. e4 Bb7 5. Bd3 f5 6. Qh5+ g6 7. Qe2 Nf6 8. f3 O-O
9. Bg5 Be7 10. Nh3 fxe4 11. Nxe4 Nc6 12. Be3 Nxe4 13. Bxe4 d5 14. Bd3 Bb4+ 15.
Kf1 dxc4 16. Bxc4 Nxd4 17. Bxd4 Qxd4 18. Rd1 Qf6 19. Qxe6+ Qxe6 20. Bxe6+ Kh8
21. Ng5 Rae8 22. Rd7 Re7 23. Kf2 h6 24. Rxe7 Bxe7 25. Nh3 Bh4+ 26. Kf1 Re8 27.
Nf4 Ba6+ 28. Kg1 Bg5 29. Nxg6+ Kg7 30. f4 Rxe6 31. Kf2 Kxg6 0-1

[Event "TCh-HUN 2017-18"]
[Site "Hungary HUN"]
[Date "2017.12.17"]
[Round "4.10"]
[White "Galyas, Miklos"]
[Black "Demeter, Jozsef"]
[Result "1-0"]
[WhiteTitle "IM"]
[WhiteElo "2480"]
[BlackElo "2004"]
[WhiteTeam "Aquaprofit-NTSK I"]
[BlackTeam "HUSI SC"]
[WhiteFideId "707244"]
[BlackFideId "1238477"]
[EventDate "2017.11.25"]
[EventType "team-tourn"]

1. c4 Nf6 2. g3 g6 3. Bg2 Bg7 4. Nc3 O-O 5. e4 d6 6. Nge2 Nc6 7. O-O a6 8. d3
Rb8 9. a4 e5 10. h3 Kh8 11. Bg5 h6 12. Be3 Ng8 13. d4 f5 14. exf5 gxf5 15. dxe5
Nxe5 16. b3 Ng6 17. Qd2 Bd7 18. Rae1 Bc6 19. Nd5 b5 20. axb5 axb5 21. Nd4 Bd7
22. cxb5 Rxb5 23. Nxb5 Bxb5 24. Bd4 f4 25. Bxg7+ Kxg7 26. Qc3+ Nf6 27. Nxc7 Bd7
28. Ne6+ Bxe6 29. Rxe6 Qd7 30. Re4 d5 31. Ra4 h5 32. Qd4 Qf5 33. Re1 Kh6 34. Ra6
fxg3 35. fxg3 Ne4 36. Rf1 Qc8 37. Rxg6+ Kxg6 38. Bxe4+ dxe4 39. Qxe4+ Kg7 40.
Qe7+ 1-0

[Event "TCh-HUN 2017-18"]
[Site "Hungary HUN"]
[Date "2017.12.17"]
[Round "4.11"]
[White "Valis, Janos"]
[Black "Krutti, Valer"]
[Result "1-0"]
[BlackTitle "IM"]
[WhiteElo "2133"]
[BlackElo "2330"]
[WhiteTeam "HUSI SC"]
[BlackTeam "Aquaprofit-NTSK I"]
[WhiteFideId "706396"]
[BlackFideId "706248"]
[EventDate "2017.11.25"]
[EventType "team-tourn"]

1. c4 c6 2. Nf3 d5 3. g3 Nf6 4. Bg2 g6 5. b3 Bg7 6. Bb2 O-O 7. O-O Nbd7 8. d3
Re8 9. Nbd2 b6 10. Rc1 Bb7 11. Rc2 c5 12. cxd5 Bxd5 13. Qa1 Nh5 14. Nc4 Rc8 15.
Rfc1 Bh6 16. e3 Ng7 17. e4 Bb7 18. Ne3 Ne6 19. Rd1 Nb8 20. Ng4 Bf8 21. Qc1 f6
22. Nh6+ Kg7 23. Bh3 Rc6 24. Bxe6 Rxe6 25. Nh4 Nc6 26. N4f5+ gxf5 27. Qg5+ 1-0

[Event "TCh-HUN 2017-18"]
[Site "Hungary HUN"]
[Date "2017.12.17"]
[Round "4.12"]
[White "Gara, Ticia"]
[Black "Fuad Kamel Jamaliah, Natalie"]
[Result "1-0"]
[WhiteTitle "WGM"]
[BlackTitle "WIM"]
[WhiteElo "2317"]
[BlackElo "2005"]
[WhiteTeam "Aquaprofit-NTSK I"]
[BlackTeam "HUSI SC"]
[WhiteFideId "717444"]
[BlackFideId "724190"]
[EventDate "2017.11.25"]
[EventType "team-tourn"]

1. e4 c5 2. Nf3 d6 3. d4 cxd4 4. Nxd4 Nf6 5. Nc3 e6 6. Be2 a6 7. O-O Be7 8. f4
Qc7 9. Kh1 b5 10. Bf3 Bb7 11. e5 dxe5 12. fxe5 Nfd7 13. Bxb7 Qxb7 14. Qg4 Nc6
15. Nxc6 Qxc6 16. Bf4 O-O-O 17. Bg3 h5 18. Qe4 Qxe4 19. Nxe4 h4 20. Rxf7 hxg3
21. Rxe7 Rxh2+ 22. Kg1 Nxe5 23. Nxg3 Rh6 24. Re1 Rd5 25. Rxg7 Nc4 26. b3 Na3 27.
Ne4 Rh4 28. Ng5 e5 29. Rf1 Rf4 30. Re1 Kb8 31. Re2 Rf5 32. Nf3 Nb1 33. Re7 Rd1+
34. Kh2 Nc3 35. Re3 Nxa2 36. Nxe5 Rh5+ 37. Kg3 Rg5+ 38. Kf3 Rf1+ 39. Ke2 Rff5
40. g4 Rf4 41. Nc6+ Kc8 42. Ra7 Rg8 1-0